logo

Bir Sreshtho Munshi Abdur Rouf Library
Jhenaidah Cadet College

Towards Realization Of The Higher Intents Of Islamic Law / (Record no. 12454)

MARC details
000 -LEADER
fixed length control field 00775nam a2200253 a 4500
001 - CONTROL NUMBER
JCCL Control Number 12454
003 - CONTROL NUMBER IDENTIFIER
JCCL marc code BD-JhCC
005 - DATE AND TIME OF LATEST TRANSACTION
control field 20220217132715.0
008 - FIXED-LENGTH DATA ELEMENTS--GENERAL INFORMATION
fixed length control field 220217b2007 enk |||| ||a| 001 0 eng d
020 ## - INTERNATIONAL STANDARD BOOK NUMBER
International Standard Book Number 9781565644380
035 ## - SYSTEM CONTROL NUMBER
system control number (BD-JhCC)12454
040 ## - CATALOGING SOURCE
Original cataloging agency BD-JhCC
Modifying agency BD-JhCC
041 ## - LANGUAGE CODE
Language code of Book English
082 ## - DEWEY DECIMAL CLASSIFICATION NUMBER
Classification number 340.59
Author mark and Year ATT 2007
100 ## - MAIN ENTRY--PERSONAL NAME
Personal name Attia, Gamal Eldin
245 ## - TITLE STATEMENT
Title Towards Realization Of The Higher Intents Of Islamic Law /
Statement of responsibility, etc Gamal Eldin Attia, Tran: Nancy Roberts.
260 ## - PUBLICATION, DISTRIBUTION, ETC. (IMPRINT)
Place of publication, distribution, etc London :
Name of publisher, distributor, etc The International Institute Of Islamic Thought;
Date of publication, distribution, etc 2007.
300 ## - PHYSICAL DESCRIPTION
Pagination 293 p. :
Dimensions 22 cm.
650 ## - SUBJECT ADDED ENTRY--TOPICAL TERM
Topical term or geographic name as entry element Islam Law -----Interpretation and Construction
650 ## - SUBJECT ADDED ENTRY--TOPICAL TERM
Topical term or geographic name as entry element Islamic Law --Philosophy
700 ## - ADDED ENTRY--PERSONAL NAME
Personal name Roberts,Nancy
942 ## - ADDED ENTRY ELEMENTS (KOHA)
Source of classification or shelving scheme Dewey Decimal Classification
Koha item type Books
Holdings
Source of classification or shelving scheme Damaged status Not for loan Home library Current library Shelving location Date of accession Cost, normal purchase price Total Checkouts Full call number Barcode Date last seen Copy number Koha item type
Dewey Decimal Classification     JCC Rouf Library JCC Rouf Library General Stacks 06/01/2021 300.00   340.59 ATT 2007 16697 02/17/2022 C-1 Books

JCC Library | Contacts | JCC Home

Last Update on 23 September 2017
Copyright @ 2017-2020 JCC Rouf Library
Rouf Library, Jhenidah Cadet College (JCC), Bangladesh